[Event "GER-chT U18 Girls"]
[Site "Germany"]
[Date "2012.05.06"]
[Round "7.4"]
[White "Hallek, Sarah"]
[Black "Syla, Albetina"]
[Result "0-1"]
[WhiteElo "800"]
[BlackElo "800"]
[PlyCount "104"]
[EventDate "2012.05.04"]
[EventType "team-swiss"]
[EventRounds "7"]
[EventCountry "GER"]
[SourceTitle "EXT 2014"]
[Source "ChessBase"]
[SourceDate "2013.11.20"]
[SourceVersion "1"]
[SourceVersionDate "2013.11.20"]
[SourceQuality "1"]
[WhiteTeam "Oranienburg Louise Henriette Gym (W)"]
[BlackTeam "Hamburg CPG (W)"]
[WhiteTeamCountry "GER"]
[BlackTeamCountry "GER"]

1. d4 d5 2. Nd2 Nf6 3. Ngf3 e6 4. e3 c5 5. Bb5+ Nbd7 6. Ne5 a6 7. Be2 Bd6 8. Ndf3 Qc7 9. Nxd7 Bxd7 10. dxc5 Qxc5 11. Qd4 Qxc2 12. Bd3 Qc5 13. Ne5 Qxd4 14. exd4 Bxe5 15. dxe5 Ng4 16. Bf4 0-0 17. 0-0 f6 18. exf6 Rxf6 19. g3 Raf8 20. Rac1 h6 21. Be2 Bb5 22. Rce1 e5 23. f3 exf4 24. fxg4 f3 25. Bxb5 axb5 26. Rf2 d4 27. Rd1 Rd6 28. Rd3 Rf7 29. b4 Kf8 30. a3 Ke7 31. Kf1 Ke6 32. Ke1 Ke5 33. Kd2 Ke4 34. Kc2 Rc6+ 35. Kd2 Rc3 36. Rxc3 dxc3+ 37. Kxc3 Rc7+ 38. Kd2 Rd7+ 39. Ke1 Ke3 40. Rf1 Rc7 41. Kd1 f2 42. g5 hxg5 43. g4 Rc3 44. h4 Kf3 45. h5 Kg2 46. Ke2 Rf3 47. h6 gxh6 48. a4 bxa4 49. b5 a3 50. b6 a2 51. Ra1 f1Q+ 52. Kd2 Qxa1 0-1